Expositional preaching : (Record no. 21116)

MARC details
000 -LEADER
fixed length control field 01179cam a2200337 i 4500
001 - CONTROL NUMBER
control field 17966150
003 - CONTROL NUMBER IDENTIFIER
control field OSt
005 - DATE AND TIME OF LATEST TRANSACTION
control field 20260122104538.0
008 - FIXED-LENGTH DATA ELEMENTS--GENERAL INFORMATION
fixed length control field 131206s2014 ilu b 001 0 eng
010 ## - LIBRARY OF CONGRESS CONTROL NUMBER
LC control number 2013036437
020 ## - INTERNATIONAL STANDARD BOOK NUMBER
International Standard Book Number 9781433543135
Qualifying information hc
035 ## - SYSTEM CONTROL NUMBER
System control number 17966150
040 ## - CATALOGING SOURCE
Original cataloging agency DLC
Language of cataloging eng
Transcribing agency DLC
Description conventions rda
042 ## - AUTHENTICATION CODE
Authentication code pcc
050 00 - LIBRARY OF CONGRESS CALL NUMBER
Classification number BV4211.3
Item number .H46 2014
082 00 - DEWEY DECIMAL CLASSIFICATION NUMBER
Classification number 251
Edition number 23
100 1# - MAIN ENTRY--PERSONAL NAME
Personal name Helm, David R.,
Dates associated with a name 1961-
245 10 - TITLE STATEMENT
Title Expositional preaching :
Remainder of title how we speak God's word today /
Statement of responsibility, etc. David Helm.
264 #1 - PRODUCTION, PUBLICATION, DISTRIBUTION, MANUFACTURE, AND COPYRIGHT NOTICE
Place of production, publication, distribution, manufacture Wheaton :
Name of producer, publisher, distributor, manufacturer Crossway,
Date of production, publication, distribution, manufacture, or copyright notice [2014]
300 ## - PHYSICAL DESCRIPTION
Extent 125 pages ;
Dimensions 19 cm.
336 ## - CONTENT TYPE
Content type term text
Source rdacontent
337 ## - MEDIA TYPE
Media type term unmediated
Source rdamedia
338 ## - CARRIER TYPE
Carrier type term volume
Source rdacarrier
490 0# - SERIES STATEMENT
Series statement 9Marks: building healthy churches
504 ## - BIBLIOGRAPHY, ETC. NOTE
Bibliography, etc Includes bibliographical references (pages 119-121) and index.
650 #0 - SUBJECT ADDED ENTRY--TOPICAL TERM
Topical term or geographic name as entry element Expository preaching.
776 08 - ADDITIONAL PHYSICAL FORM ENTRY
Relationship information Online version:
Main entry heading Helm, David R., 1961-
Title Expositional preaching
Place, publisher, and date of publication Wheaton : Crossway, 2014
International Standard Book Number 9781433543142
Record control number (DLC) 2014004393
906 ## - LOCAL DATA ELEMENT F, LDF (RLIN)
a 7
b cbc
c orignew
d 1
e ecip
f 20
g y-gencatlg
942 ## - ADDED ENTRY ELEMENTS (KOHA)
Source of classification or shelving scheme Library of Congress Classification
Koha item type General Collection
Holdings
Withdrawn status Lost status Source of classification or shelving scheme Not for loan Home library Current library Shelving location Date acquired Source of acquisition Inventory number Total Checkouts Full call number Barcode Date last seen Copy number Price effective from Koha item type
    Library of Congress Classification   Kabarak, Main Campus Kabarak, Main Campus General Stacks 22/01/2026 Donation 2025/3104   BV4211.3 .H46 2014 C.1 39646 22/01/2026 C.1 22/01/2026 General Collection
    Library of Congress Classification   Kabarak, Main Campus Kabarak, Main Campus General Stacks 22/01/2026 Donation 2025/3105   BV4211.3 .H46 2014 C.2 39645 22/01/2026 C.2 22/01/2026 General Collection
    Library of Congress Classification   Kabarak, Main Campus Kabarak, Main Campus General Stacks 22/01/2026 Donation 2025/3108   BV4211.3 .H46 2014 C.3 39642 22/01/2026 C.3 22/01/2026 General Collection
    Library of Congress Classification   Kabarak, Main Campus Kabarak, Main Campus General Stacks 22/01/2026 Donation 2025/3103   BV4211.3 .H46 2014 C.4 39647 22/01/2026 C.4 22/01/2026 General Collection
    Library of Congress Classification   Kabarak, Main Campus Kabarak, Main Campus General Stacks 22/01/2026 Donation 2025/3114   BV4211.3 .H46 2014 C.5 39637 22/01/2026 C.5 22/01/2026 General Collection
    Library of Congress Classification   Kabarak, Main Campus Kabarak, Main Campus General Stacks 22/01/2026 Donation 2025/3113   BV4211.3 .H46 2014 C.6 39636 22/01/2026 C.6 22/01/2026 General Collection
    Library of Congress Classification   Kabarak, Main Campus Kabarak, Main Campus General Stacks 22/01/2026 Donation 2025/3113   BV4211.3 .H46 2014 C.7 39638 22/01/2026 C.7 22/01/2026 General Collection
    Library of Congress Classification   Kabarak, Main Campus Kabarak, Main Campus General Stacks 22/01/2026 Donation 2025/3107   BV4211.3 .H46 2014 C.8 39643 22/01/2026 C.8 22/01/2026 General Collection
    Library of Congress Classification   Kabarak, Main Campus Kabarak, Main Campus General Stacks 22/01/2026 Donation 2025/3107   BV4211.3 .H46 2014 C.9 39644 22/01/2026 C.9 22/01/2026 General Collection
    Library of Congress Classification   Kabarak, Main Campus Kabarak, Main Campus General Stacks 22/01/2026 Donation 2025/3109   BV4211.3 .H46 2014 C.10 39641 22/01/2026 C.10 22/01/2026 General Collection
    Library of Congress Classification   Kabarak, Nakuru City Campus Kabarak, Nakuru City Campus General Stacks 22/01/2026 Donation 2025/3110   BV4211.3 .H46 2014 C.1 39640 22/01/2026 C.1 22/01/2026 General Collection
    Library of Congress Classification   Kabarak, Nakuru City Campus Kabarak, Nakuru City Campus General Stacks 22/01/2026 Donation 2025/3110   BV4211.3 .H46 2014 C.2 39639 22/01/2026 C.2 22/01/2026 General Collection
    Library of Congress Classification   Kabarak, Nakuru City Campus Kabarak, Nakuru City Campus General Stacks 22/01/2026 Donation 2025/3101   BV4211.3 .H46 2014 C.3 39635 22/01/2026 C.3 22/01/2026 General Collection
    Library of Congress Classification   Kabarak, Nakuru City Campus Kabarak, Nakuru City Campus General Stacks 22/01/2026 Donation 2025/3102   BV4211.3 .H46 2014 C.4 39648 22/01/2026 C.4 22/01/2026 General Collection
Designed with assistance from East African Informatics Ltd